00658 2200229 4500001002100000005001500021035002000036008004100056245009800097100002000195260003200215300003200247020002200279084001600301082001000317650002000327500001100347700001800358504003000376990001100406990001100417INLIS00000000001174720220617094533 a0010-0622000257220617 g 0 ind 1 aKH. M. Kholil Bangkalan :bBiografi Singkat 1820-1925 /cMuhammad Rifai; editor, Meita Sandra aMUHAMMAD, Rifai aJogjakarta :bGarasi,c2020 a147 hal. :bilus. ;c21 cm. a978-623-7219-62-0 a297.9 MUH k a297.9 4aISLAM. BIOGRAFI aIndeks0 aMEITA, Sandra aBibliografi : hal.143-144 a7634 a a7634 b